Science Quiz

Random Science Quiz
Score 0/21 Timer 15:00
0 Plays Today
% Correct
loop diuretics
85.5%
ARBs
83.7%
thiazide diuretics
75.9%
ACE inhibitors
72.7%
nitroprusside
69.5%
class IA anti-arrhythmic
66.3%
class IV anti-arrhythmic
65.8%
nesiritide
65%
hydralazine and minoxidil
62.1%
class III anti-arrhythmic
61.8%
class II anti-arrhythmic
56.4%
% Correct
alpha-1-AR antagonists
55.7%
class IC anti-arrhythmic
53.7%
sildenafil
52.2%
digoxin
52%
adenosine
52%
dopamine
50%
dopamine, dobutamine, isoproterenol
46.8%
class IB anti-arrhythmic
46.1%
alpha-2-AR agonists
43.3%
PDE-3 inhibitors
43.3%
Remove Ads.
Support Sporcle.
Get the best of Sporcle when you Go Orange. This ad-free experience offers more features, more stats, and more fun while also helping to support Sporcle. Thank you for becoming a member.

You're not logged in!

Compare scores with friends on all Sporcle quizzes.
OR
Log In

Show Comments

Extras

Created Sep 26, 2013ReportNominate
Tags:Medicine, Pharmacy

Top Quizzes Today


Score Distribution

Your Account Isn't Verified!

In order to create a playlist on Sporcle, you need to verify the email address you used during registration. Go to your Sporcle Settings to finish the process.

Report this User

Report this user for behavior that violates our Community Guidelines.

Details: